000 00692nam a2200193 i 4500
001 63039
003 ES-MaACL
005 20230906164755.0
007 t|
008 031127s1955 sp ||||1| spa d
100 1 _aFernández Pousa, Ramón
_950010
245 1 0 _aCancionero gallego de Bernal de Bonaval /
_cpor Ramón Fernández Pousa.
260 _aMadrid :
_b[s.n.],
_c1955 (
_fC. Bermejo)
300 _a20 h. ;
_c24 cm.
500 _aEs separata de: Revista de dialectología y tradiciones populares. T. XI, 1995, cuaderno 4º p. 479-515.
600 1 4 _aBernal de Bonaval-
_xCrítica e interpretación.
_9149322
852 _aES-MaACL
_j1985-F-6
_bR.38578
999 _c63039
_d63039